Who should know what (Record no. 32973)

MARC details
000 -LEADER
fixed length control field 00249nam a2200109Ia 4500
082 ## - DEWEY DECIMAL CLASSIFICATION NUMBER
Item number BAR
100 ## - MAIN ENTRY--AUTHOR NAME
Personal name Barnes, J A
245 #0 - TITLE STATEMENT
Title Who should know what
260 ## - PUBLICATION, DISTRIBUTION, ETC. (IMPRINT)
Name of publisher Penguin books
Year of publication 1979
942 ## - ADDED ENTRY ELEMENTS (KOHA)
Koha item type Books
Holdings
Withdrawn status Lost status Damaged status Not for loan Home library Current library Date acquired Full call number Accession Number Koha item type
        RRII Library RRII Library 16/12/2021 BAR 13475 Books